Antología de la literatura española de los siglos XV al XVI /

Guardat en:
Dades bibliogràfiques
Autor principal: Bleiberg, Germán (comp.)
Format: Llibre
Idioma:espanyol
Publicat: Madrid, España : Alianza, 1976
Col·lecció:(Alianza Universidad ; 174)
Matèries:
Etiquetes: Afegir etiqueta
Sense etiquetes, Sigues el primer a etiquetar aquest registre!

MARC

LEADER 00000nam^a2200000^a^4500
001 000000366
005 20250521000000.0
009 20260310083024.114
037 |a Acervo ITESO - Biblioteca 
041 |a ESP 
082 |a 860. 09  |b BLE 
100 |a Bleiberg, Germán  |e (comp.) 
245 1 0 |a Antología de la literatura española de los siglos XV al XVI /  |c Comp. de G. Bleiberg. 
264 1 |a Madrid, España :  |b Alianza,  |c 1976 
300 |a 423 p. 
336 |a texto  |b txt  |2 rdacontenido 
337 |a sin mediación  |b n  |2 rdamedio 
338 |a volumen  |b nc  |2 rdasoporte 
440 1 |a (Alianza Universidad ;  |v 174) 
649 |a XX 
650 |a Literatura Española -  |y Epoca Clásica, 1500-1700 
650 |a Literatura Española 
910 |a Fondo General 
920 |a Impresos - Libros 
930 |a Colección General 
940 |a Literatura 
905 |a 101 
901 |a 0003660100  |b IT1  |c LIT  |i 000366  |u 20250521 
902 |a https://opac.biblio.iteso.mx/vufind/Record/000000366